Mindaugas Kvietkauskas, ed. Transitions of Lithuanian Postmodernism: Lithuanian Literature in the Post-Soviet Period
| Titel: | Mindaugas Kvietkauskas, ed. Transitions of Lithuanian Postmodernism: Lithuanian Literature in the Post-Soviet Period / Tatiana Filimonova |
|---|---|
| Verfasser: | |
| In: |
Slavic and East European journal, Band 57, Heft 4 (2013), Seite 676-677 alle Artikel anzeigen |
| Veröffentlicht: | 2013 |
| Format: | Aufsatz |
| Sprache: | Englisch |
X
alg: 42495993
001A $06052:16-01-18
001B $01999:27-07-21 $t17:19:47.000
001C $03025:16-01-18 $t13:14:46.000
001D $06052:16-01-18
001U $0utf8
001X $00
002@ $0Aox
003@ $0424959933
006N $000186826
007A $0424959933 $aHEB
007D $asw140425
007I $0swets176360253
010@ $aeng
011@ $a2013
013D $#Newspapers Sections, columns, etc. Reviews $#Book reviewing $#Journaux Cahiers, chroniques, etc. Comptes rendus $#Livres Recension $#Rezension $#Buchbesprechung $#Buchrezension $#Buchkritik $74049712-4 $8Rezension [Ts1] $9085138568
021A $aMindaugas Kvietkauskas, ed. Transitions of Lithuanian Postmodernism: Lithuanian Literature in the Post-Soviet Period $hTatiana Filimonova
028A $aFilimonova $dTatiana
031A $d57 $e4 $g2 $h676-677 $j2013
039B $aIn $8--Abvc--. Slavic and East European journal. - Los Angeles, Calif. : AATSEEL of the U.S., 1957-. - ISSN 0037-6752 $x201300000570004324 $904736243X
039T $8--Aau--. Transitions of Lithuanian postmodernism. - Amsterdam {[u.a.] : Editions Rodopi B.V., 2011. - 363 S.. - ISBN 978-90-420-3441-9 $9283568119
045F $a900.94793 $eDDC23BSB
045F/01 $a900
045F/03 $g4793
045T $a7,39
045T $aLING $qDE-30 $2FID
lok: 42495993 78
exp: 42495993 78 1 #EPN
201B/01 $016-01-18 $t22:47:56.000
201C/01 $016-01-18
201U/01 $0utf8
203@/01 $01015311660
208@/01 $a16-01-18 $be
209A/01 $a/ $f000 $x00
209A/01 $ab*p $x01
220C/01 $apgar
244Z/01 $#Litauen $#Litauen $#Lithuania $#Lietuvos Respublika $#République Lithuanienne $#Lithuanie $#Litva 1918 - 1940, 1991, 9 - $#Litovskaja Respublika $#Lithuania 1918 - 1940, 1991, 9 - $#Republik Litauen $#Republic of Lithuania $#Lithuanian Republic $#Litauische Republik $#Lietuva $74074266-0 $8--Tg1--Litauen $x01 $9085209074
247C/01 $82080>Marburg/Lahn, Herder-Institut, Forschungsbibliothek, Bibliographieportal $9336309341
| LEADER | 00000caa a22000002c 4500 | ||
|---|---|---|---|
| 001 | 424959933 | ||
| 003 | DE-603 | ||
| 005 | 20210727171947.0 | ||
| 007 | tu | ||
| 008 | 180116s2013 xx |||| | u00||u|eng c | ||
| 035 | |a (DE-599)HEB424959933 | ||
| 035 | |a (NL-LiSWE)00186826 | ||
| 040 | |a DE-603 |b ger |c DE-603 |d DE-603 | ||
| 041 | |a eng | ||
| 082 | 0 | 4 | |8 1\u |a 900.94793 |q DE-101 |2 23/BSB |
| 084 | |a 7,39 |2 ssgn | ||
| 084 | |a LING |q DE-30 |2 fid | ||
| 085 | |8 1\u |b 900 | ||
| 085 | |8 1\u |z 2 |s 4793 | ||
| 100 | 1 | |a Filimonova, Tatiana | |
| 245 | 0 | 0 | |a Mindaugas Kvietkauskas, ed. Transitions of Lithuanian Postmodernism: Lithuanian Literature in the Post-Soviet Period |c Tatiana Filimonova |
| 264 | 0 | |c 2013 | |
| 655 | 7 | |a Rezension |2 gnd-content |0 (DE-588)4049712-4 |0 (DE-603)085138568 | |
| 773 | 0 | 8 | |i In |t Slavic and East European journal |d Los Angeles, Calif. : AATSEEL of the U.S., 1957- |x 0037-6752 |g Band 57, Heft 4 (2013), Seite 676-677 |w (DE-603)04736243X |w (DE-600)219226-3 |
| 787 | 0 | 8 | |i Rezension von |t Transitions of Lithuanian postmodernism |d Amsterdam [u.a.] : Editions Rodopi B.V., 2011 |h 363 S., 22x15x4 cm |z 9789042034419 |z 9042034416 |w (DE-603)283568119 |
| 924 | 0 | |9 2080 |a (DE-603)1015311660 |b DE-2080 |c HES |d d |g / | |


